000 00501nam a2200217Ia 4500
003 OSt
005 20220928144635.0
006 a|||||r|||| 00| 0
007 ta
008 220927b |||||||| |||| 00| 0 eng d
024 _a72586
037 _cTextual
040 _aSDCL
_cSDCL
_beng
041 _2eng
_aeng
082 _aS, M1
100 _aDarley John M
_9508793
245 0 _aPsychology.
260 _c1981
942 _hS, M1
_cTEXL
_2CC
999 _c828573
_d828573